guess the motorcycle brands - Statistics

General Stats
  • This quiz has been taken 120 times
  • The average score is 12 of 16
Answer Stats
Picture Answer % Correct
kawasaki
93%
harley davidson
91%
honda
91%
yamaha
89%
bmw
85%
ducati
84%
suzuki
84%
ktm
81%
aprilia
75%
indian
75%
agv
68%
triumph
68%
bimota
55%
alpinestars
53%
royal enfield
53%
mv agusta
47%
No matching quizzes found
Score Distribution
Percent of People with Each Score
Percentile by Number Answered
Your Score History
You have not taken this quiz